000 00561nam a22002177a 4500
003 UA-OsUOA
001 54018
007 ta
008 20080516b un ||||| |||| 00| 0 ukr d
090 _a246.5(085)
942 _cBR
040 _aUA-OsUOA
_bukr
_cUA-OsUOA
_dUA-OsUOA
245 _aPater Noster
_cАвтор-упорядник професор Дмитро Степовик
300 _a35 с.
955 _a2
041 _aukr
080 _a246.5(085)
260 _aК.
_c2003
650 7 _a2 Релігія. Теологія.
_2UDC
999 _c340083
_d340083